Poetry: a HarperCollins pocket anthology

Guardat en:
Dades bibliogràfiques
Autor principal: Gwynn, R. S (Autor)
Format: Llibre
Idioma:anglès
Publicat: Nueva York Harper Collins College 1993
Edició:1a. ed
Matèries:
Etiquetes: Afegir etiqueta
Sense etiquetes, Sigues el primer a etiquetar aquest registre!

MARC

LEADER 00000cam a2200000 a 4500
001 UCE3184
003 CL-VaPUC
008 140821e19930000us |||||||||||||||||eng|d
020 |a 0065014634 
082 0 4 |a 811  |b GWY  |2 21 
100 0 |a Gwynn, R. S  |e author  |9 575678 
245 1 0 |a Poetry: a HarperCollins pocket anthology 
250 |a 1a. ed 
300 |a 354 p 
942 |c BK 
945 |d 20140821 14:35:00  |a arojas 
260 |a Nueva York  |b Harper Collins College  |c 1993 
650 7 |a POESIAS ESTADOUNIDENSES  |2 CL-VaPUC  |9 575679 
650 0 |a Literatura inglesa  |9 312907 
650 0 |a Antologías  |9 309836 
583 |a last modification  |c 20140821 14:35:00  |k Rodrigo Vera 
999 |c 356607  |d 356605 
952 |0 0  |1 0  |3 erb  |4 0  |6 811_000000000000000_GWY_1993  |7 0  |8 A  |9 464061  |a BIBEDU  |b BIBEDU  |i 5095417  |o 811 GWY 1993  |p 5095417  |r 2019-11-23  |w 2019-11-23  |y BK  |z Catalogado en:20140821  |k LIT